Writing activities : Vui Học Viết Viết

Đã lưu trong:
Chi tiết về thư mục
Định dạng: Sách
Ngôn ngữ:English
Được phát hành: HCM, Tổng Hợp TPHCM 2007.
Những chủ đề:
Các nhãn: Thêm thẻ
Không có thẻ, Là người đầu tiên thẻ bản ghi này!
Thư viện lưu trữ: Mạng thư viện Đại học Đà Nẵng
LEADER 01003cam a22003131a 4500
001 000035148
003 11417
005 20210327112903.0
008 151104s2007 vm 000 eng
020 |c 30000 
041 |a eng 
082 |a 420.8  |b WR-A 
245 0 |a Writing activities :  |b Vui Học Viết  |n Viết  |c Brenda Apsley, John Oldstone... 
260 |b Tổng Hợp TPHCM  |a HCM,  |c 2007. 
300 |a 144tr :  |b nh. ;  |c 20,5cm. 
650 |a Writing activities 
653 |a Writing  |a Tiếng Anh  |a Viết 
OWN |a LNN 
OWN |a LNN 
902 |a TKA 
AVA |a UDN50  |b LNN  |c English  |e available  |t Error 5001 Not defined in file expand_doc_bib_avail.  |f 9  |g 0  |h N  |i 0  |j AN 
999 |a From the UDN01 
AVA |a UDN50  |b LNN  |c English  |e available  |t Error 5001 Not defined in file expand_doc_bib_avail.  |f 9  |g 0  |h N  |i 0  |j AN 
TYP |a Monograph 
TYP |a Printed language 
980 |a Mạng thư viện Đại học Đà Nẵng